00729nam a2200193 a 450000100100000000500170001000800410002702000150006804000250008310000440010824500720015226000300022430000360025450000210029050000700031150400320038195201050041399900170051800004400720201002045104.0140513s1995 sp ac 001 0 spa d a8477370567 aDO-SdBNPbspacBNPHU1 aGarcía de Cortázar, Fernando97197310aEspaña 1900 :bde 1898 a 1923 /cFernando García de Cortázar. aEspaña :bSilex,c1995. a143 p. :bil., retrs. ;c31 cm. aIncluye índice aIncluye datos biográficos del autor en la solapa de la cubierta aBibliografía .: p.135-137 001050718MOaGRbGRcCTd2014-05-13iLF1l0o p44007-10r2020-06-25w2020-06-25y1ZNo se presta c43496d43496